000 00361nam a2200145Ia 4500
008 230917s9999||||xx |||||||||||||| ||und||
040 _e113924
_aMAIN
041 _aEnglish
082 _a615.18 P494P
100 _aDean, D A
245 0 _aPharmaceutical packaging technology
260 _aNew York
_bTaylor & Francis
_c2006
300 _a635 p.
942 _cBK
999 _c137432
_d137432